Program budgeting; program analysis and the Federal budget.

保存先:
書誌詳細
第一著者: Novick, David (ed.)
団体著者: Rand Corporation
フォーマット: 図書
言語:English
出版事項: Cambridge, Harvard University Press [c1967]
版:[2d ed.]
主題:
LEADER 00993nam a2200265 4500
001 c000040858
003 CARM
005 00000000000000.0
008 680301s1967 maua b 00000 eng
019 1 |a 690091  |z 12611450  |5 LACONCORD2021 
035 |a (OCoLC)430521  |5 LACONCORD2021 
050 0 0 |a HJ2052  |b .N6 1967 
100 1 |a Novick, David.  |e ed. 
245 1 0 |a Program budgeting;  |b program analysis and the Federal budget. 
250 |a [2d ed.] 
260 |a Cambridge,  |b Harvard University Press  |c [c1967] 
300 |a xxiv, 382 p.  |b illus.  |c 25 cm. 
500 |a "A Rand Corporation-sponsored research study." 
504 |a Bibliographical footnotes. 
650 0 |a Program budgeting  |z United States. 
710 2 0 |a Rand Corporation. 
852 8 |b CARM  |h A2:AI25E0  |i C04311  |p 0178310  |f BK 
082 0 4 |a 353.007222 
999 f f |i f8db0c0f-43a9-5727-95d3-617008676932  |s 415e137c-16a7-5fbf-bd63-1d84018cda9e 
952 f f |p Can circulate  |a CAVAL  |b CAVAL  |c CAVAL  |d CARM 1 Store  |e C04311  |f A2:AI25E0  |h Other scheme  |i book  |m 0178310